Ad gentes mission and inter gentes missioon: (Record no. 141134)

MARC details
000 -LEADER
fixed length control field 00616nam a22001817a 4500
005 - DATE AND TIME OF LATEST TRANSACTION
control field 20170615155934.0
010 ## - LCCN (DPL NO)
LC control number ENG-118660
020 ## - INTERNATIONAL STANDARD BOOK NUMBER
International Standard Book Number 9788184655483
Terms of availability 350.00
035 ## - SYSTEM CONTROL NUMBER
System control number EN-102192
037 ## - SOURCE OF ACQUISITION
Source of stock number/acquisition DBAD/PUB
082 ## - DEWEY DECIMAL CLASSIFICATION NUMBER
Classification number 280.66
245 ## - TITLE STATEMENT
Title Ad gentes mission and inter gentes missioon:
Statement of responsibility, etc Edited by Joy Thomas, SVD K. Jose and SVD
Remainder of title Innovative pratices today /
260 ## - PUBLICATION, DISTRIBUTION, ETC. (IMPRINT)
Place of publication, distribution, etc Delhi
Name of publisher, distributor, etc ISPCK
Date of publication, distribution, etc 2017
270 ## - ADDRESS
Address Post Box 1585, 1654, Madarsa Road, Kashmere Gate, Delhi-110006
300 ## - PHYSICAL DESCRIPTION
Extent xxxvi,213p
Dimensions 23cm.(pbk)
700 ## - ADDED ENTRY--PERSONAL NAME
Personal name Joy Thomas SVD and K. Jose SVD
942 ## - ADDED ENTRY ELEMENTS (KOHA)
Source of classification or shelving scheme Dewey Decimal Classification
Item type English Books
Classification part 280.66
Call number suffix ADG
Holdings
Withdrawn status Lost status Not for loan Collection code Home library Current library Date acquired Source of acquisition Cost, normal purchase price Full call number Barcode Copy number Cost, replacement price Koha item type
    Not For Loan Non-fiction D.B.Act.Division Bawana 15/06/2017 DBAD/PUB 350.00 280.66 ADG EN-102192 1 350.00 English Books

© Delhi Public Library
Hit Counter
free hit counter